| 000 | 02465namaa2200481uu 4500 | ||
|---|---|---|---|
| 001 | doab94696 | ||
| 003 | oapen | ||
| 005 | 20260305123947.0 | ||
| 006 | m o d | ||
| 007 | cr|mn|---annan | ||
| 008 | 221209s2023 xx |||||o ||| 0|eng d | ||
| 020 | _a9780367700454 | ||
| 020 | _a9780367700478 | ||
| 020 | _a9781003144366 | ||
| 020 | _a9781003144366 | ||
| 024 | 7 |
_a10.4324/9781003144366 _2doi |
|
| 040 |
_aoapen _coapen |
||
| 041 | 0 | _aeng | |
| 042 | _adc | ||
| 072 | 7 |
_aKC _2bicssc |
|
| 072 | 7 |
_aKCA _2bicssc |
|
| 072 | 7 |
_aKCL _2bicssc |
|
| 720 | 1 |
_aDallago, Bruno _4edt |
|
| 245 | 0 | 0 | _aThe Routledge Handbook of Comparative Economic Systems |
| 260 |
_bTaylor & Francis _c2023 |
||
| 300 | _a1 online resource (782 p.) | ||
| 336 |
_atext _btxt _2rdacontent |
||
| 337 |
_acomputer _bc _2rdamedia |
||
| 338 |
_aonline resource _bcr _2rdacarrier |
||
| 506 | 0 |
_aFree-to-read _fUnrestricted online access _2star |
|
| 520 | _aThe 2020 pandemic and likely even more the renewed East-West clash epitomized by the Russian invasion of Ukraine and the West's reaction to it. The handbook is divided into five parts. Each part deals with an issue of relevance for the discipline. The first and second parts look at the subject, content and approach of the discipline and its comparative method. The third part looks at the idiosyncratic nature of different economic systems and their constituent elements. The fourth part considers the outcomes that different economic systems generate and how these outcomes change following the evolution and transformation of economic systems. The last part takes stock and looks ahead at the challenges, from a theoretical and applied perspective, and the exogenous and endogenous factors promoting the advancement of the discipline, including the interaction between and competition among varied approaches and opposing paradigms. | ||
| 540 |
_aAll rights reserved _uhttp://oapen.org/content/about-rights |
||
| 546 | _aEnglish | ||
| 650 | 7 |
_aEconomic theory and philosophy _2bicssc |
|
| 650 | 7 |
_aEconomics _2bicssc |
|
| 650 | 7 |
_aInternational economics _2bicssc |
|
| 653 | _aeconomics; international economics; economic theory & philosophy | ||
| 720 | 1 |
_aCasagrande, Sara _4edt |
|
| 720 | 1 |
_aCasagrande, Sara _4oth |
|
| 720 | 1 |
_aDallago, Bruno _4oth |
|
| 793 | 0 | _aDOAB Library. | |
| 856 | 4 | 0 |
_uhttps://directory.doabooks.org/handle/20.500.12854/94696 _70 _zFree-to-read: DOAB: description of the publication |
| 999 |
_c92791 _d92791 |
||